[Event "GER-chT U12 Girls"]
[Site "Magdeburg"]
[Date "2023.12.28"]
[Round "4.2"]
[White "Wolf, Helena"]
[Black "Roessling, Laura Marie"]
[Result "0-1"]
[WhiteElo "1188"]
[BlackElo "1232"]
[PlyCount "139"]
[EventDate "2023.12.26"]
[EventType "team-swiss"]
[EventRounds "7"]
[EventCountry "GER"]
[SourceTitle "CB03_2024"]
[SourceDate "2024.01.17"]
[SourceVersion "1"]
[SourceVersionDate "2024.01.17"]
[SourceQuality "1"]
[WhiteTeam "Bad Homburg"]
[BlackTeam "Magdeburg Schachzwerge"]
[WhiteTeamCountry "GER"]
[BlackTeamCountry "GER"]

1. e4 e5 2. Nf3 Nc6 3. Bc4 Bc5 4. c3 Nf6 5. d3 0-0 6. 0-0 h6 7. Nbd2 d6 8. h3 Be6 9. Bb3 Qe7 10. Re1 Bb6 11. Nc4 Bxc4 12. Bxc4 Na5 13. Bb5 c6 14. Ba4 c5 15. a3 Rac8 16. b4 cxb4 17. cxb4 Nc6 18. Bb2 Rfd8 19. Bb3 a6 20. Rc1 Nh7 21. Qd2 Qf6 22. Bd5 Ng5 23. Nxg5 hxg5 24. Rf1 Qe7 25. a4 Nd4 26. Rfe1 Ra8 27. a5 Ba7 28. Rc3 Rac8 29. Rec1 Rxc3 30. Rxc3 b5 31. Kf1 Ne6 32. Rc6 Nc7 33. Bb3 Rd7 34. Bc1 Qf6 35. f3 g4 36. Qg5 gxh3 37. Qxf6 hxg2+ 38. Kxg2 gxf6 39. Bb2 Kg7 40. Kg3 Be3 41. Kg4 Kg6 42. Rc2 Ne6 43. Bc1 Nd4 44. Bxe3 Nxc2 45. Bxc2 Rc7 46. Bb1 Rc3 47. Kg3 Rb3 48. Bc2 Rxb4 49. Bb6 Rb2 50. Bd1 Rd2 51. Bb3 Rxd3 52. Bd5 b4 53. Bc4 Rc3 54. Bxa6 b3 55. Bb7 b2 56. a6 Ra3 57. a7 Rxa7 58. Bxa7 b1Q 59. Bd5 Qc1 60. Kf2 Qb2+ 61. Kg3 Qd2 62. Bb8 Qf4+ 63. Kf2 Qd2+ 64. Kg3 Qb4 65. Ba7 Kg7 66. Kf2 Qd2+ 67. Kg3 f5 68. Bc6 f4+ 69. Kh3 Qe2 70. Kg4 0-1

[Event "GER-chT Lands U20"]
[Site "Hannover"]
[Date "2023.10.03"]
[Round "4"]
[White "Mehner, Clara"]
[Black "Roessling, Laura Marie"]
[Result "1-0"]
[WhiteElo "1290"]
[BlackElo "1285"]
[PlyCount "75"]
[EventDate "2023.10.01"]
[EventType "team-swiss"]
[EventRounds "7"]
[EventCountry "GER"]
[SourceTitle "EXT 2024"]
[Source "ChessBase"]
[SourceDate "2023.10.10"]
[SourceVersion "1"]
[SourceVersionDate "2023.10.10"]
[SourceQuality "1"]

1. e4 e5 2. Nf3 Nc6 3. d4 exd4 4. Bc4 Bc5 5. c3 Nf6 6. e5 d5 7. exf6 dxc4 8. Qe2+ Be6 9. fxg7 Rg8 10. Bg5 Be7 11. Bxe7 Qxe7 12. Nxd4 Nxd4 13. cxd4 Qd7 14. Qe3 0-0-0 15. Nc3 Qxd4 16. Qxd4 Rxd4 17. Ke2 c6 18. f3 Rxg7 19. g3 f5 20. Ke3 Rgd7 21. Rad1 Rxd1 22. Rxd1 Rxd1 23. Nxd1 Kd7 24. Kf4 h6 25. Ne3 b5 26. Nxf5 Bxf5 27. Kxf5 Kd6 28. Ke4 Kc5 29. g4 Kb4 30. f4 c3 31. bxc3+ Kxc3 32. f5 Kb2 33. f6 Kxa2 34. f7 b4 35. f8Q b3 36. Qf7 a5 37. Qc4 c5 38. Kd3 1-0

[Event "GER-chT Lands U20"]
[Site "Hannover"]
[Date "2023.10.01"]
[Round "1"]
[White "Roessling, Laura Marie"]
[Black "Wolf, Helena"]
[Result "1-0"]
[WhiteElo "1285"]
[BlackElo "1155"]
[PlyCount "83"]
[EventDate "2023.10.01"]
[EventType "team-swiss"]
[EventRounds "7"]
[EventCountry "GER"]
[SourceTitle "EXT 2024"]
[Source "ChessBase"]
[SourceDate "2023.10.10"]
[SourceVersion "1"]
[SourceVersionDate "2023.10.10"]
[SourceQuality "1"]

1. e4 e5 2. Nf3 Nc6 3. Bc4 Nf6 4. d3 d6 5. 0-0 Bg4 6. c3 Be7 7. Re1 d5 8. exd5 Nxd5 9. Nbd2 0-0 10. Nf1 Bf6 11. h3 Bh5 12. Ng3 Bg6 13. Ne4 Be7 14. d4 Bxe4 15. Rxe4 Nf6 16. Re1 e4 17. Ng5 Qd7 18. Nxe4 Rad8 19. Nxf6+ Bxf6 20. Bf4 Rfe8 21. Qh5 Re7 22. Bg5 Bxg5 23. Qxg5 Rde8 24. Rxe7 Qxe7 25. Qg3 Na5 26. Bd3 Rd8 27. Bc2 Nc4 28. Qd3 Qe6 29. Qxh7+ Kf8 30. Qh8+ Ke7 31. Qxg7 Rd6 32. Qg5+ Qf6 33. Re1+ Kd7 34. Qb5+ c6 35. Qxc4 Kc7 36. Qd3 c5 37. Qc4 b6 38. dxc5 bxc5 39. Qxc5+ Rc6 40. Qxa7+ Kd6 41. Rd1+ Ke5 42. Qe3# 1-0

[Event "GER-ch U12 Girls"]
[Site "Willingen"]
[Date "2023.06.02"]
[Round "8"]
[White "Kuhn, Sanna"]
[Black "Roessling, Laura Marie"]
[Result "0-1"]
[WhiteElo "992"]
[BlackElo "1312"]
[PlyCount "118"]
[EventDate "2023.05.27"]
[EventType "swiss"]
[EventRounds "9"]
[EventCountry "GER"]
[SourceTitle "CBM 214 Extra"]
[Source "ChessBase"]
[SourceDate "2023.07.31"]
[SourceVersion "1"]
[SourceVersionDate "2023.07.31"]
[SourceQuality "1"]

1. e4 e5 2. Nf3 Nc6 3. Bc4 Bc5 4. d3 Nf6 5. Be3 Bb6 6. Nc3 d6 7. Qd2 Bxe3 8. fxe3 Be6 9. Bb3 Qd7 10. 0-0-0 0-0-0 11. d4 exd4 12. exd4 Bxb3 13. cxb3 Rhe8 14. Rhe1 d5 15. e5 Ng4 16. h3 Nh6 17. Qg5 Nf5 18. g4 Ng3 19. Qxg7 Rh8 20. Qf6 Rde8 21. Qf4 Ne4 22. Nxe4 dxe4 23. Rxe4 Kb8 24. Kb1 Nb4 25. Qd2 f5 26. gxf5 Qxf5 27. Qe2 Nd5 28. Ka1 Rhf8 29. Rf1 Nf4 30. Qe3 Qxh3 31. Nd2 Qxe3 32. Rxe3 Nd5 33. Rxf8 Rxf8 34. Rf3 Rg8 35. a3 Kc8 36. Ne4 h5 37. Rh3 Rg4 38. Nf6 Nxf6 39. exf6 Rf4 40. Rxh5 Rxf6 41. Re5 Rf4 42. d5 Rd4 43. b4 Kd7 44. Ka2 Kd6 45. Rh5 Rxd5 46. Rxd5+ Kxd5 47. Kb3 Kd4 48. a4 c6 49. Ka3 b5 50. axb5 cxb5 51. Kb3 Kd3 52. Ka3 Kc4 53. b3+ Kc3 54. Ka2 Kxb4 55. Kb2 a5 56. Kc2 Ka3 57. Kc3 b4+ 58. Kc2 Ka2 59. Kc1 Kxb3 0-1

[Event "GER-chT U12 Girls"]
[Site "Berlin"]
[Date "2022.12.28"]
[Round "5.6"]
[White "Mandzuk, Varvara"]
[Black "Roessling, Laura Marie"]
[Result "0-1"]
[WhiteElo "1075"]
[BlackElo "1360"]
[PlyCount "70"]
[EventDate "2022.12.26"]
[EventType "team-swiss"]
[EventRounds "7"]
[EventCountry "GER"]
[SourceTitle "EXT 2024"]
[Source "ChessBase"]
[SourceDate "2023.10.10"]
[SourceVersion "1"]
[SourceVersionDate "2023.10.10"]
[SourceQuality "1"]
[WhiteTeam "Muenchen SF"]
[BlackTeam "Magdeburg Schachzwerge"]
[WhiteTeamCountry "GER"]
[BlackTeamCountry "GER"]

1. e4 e5 2. Nf3 Nc6 3. Bc4 Bc5 4. 0-0 Nf6 5. Nc3 0-0 6. d3 h6 7. Be3 Bb6 8. h3 d6 9. Nd5 Be6 10. Nxb6 axb6 11. Qd2 Nh5 12. d4 Bxc4 13. Rfd1 exd4 14. Nxd4 Nxd4 15. Qxd4 Be6 16. Bd2 Qh4 17. Bc3 Qg5 18. Rd3 Rad8 19. Re1 c5 20. Qa4 Ra8 21. Qb5 Rxa2 22. Qxb6 c4 23. Rxd6 Bxh3 24. g3 Nxg3 25. Kh2 Nxe4 26. Rg1 Qf4+ 27. Kxh3 Qf3+ 28. Kh2 Qh5+ 29. Kg2 Nxd6 30. Qxd6 Qg5+ 31. Kf1 Ra1+ 32. Be1 Rxe1+ 33. Kxe1 Qxg1+ 34. Ke2 Re8+ 35. Kd2 Qe1# 0-1

[Event "GER-chT U12 Girls"]
[Site "Berlin"]
[Date "2022.12.27"]
[Round "2"]
[White "Bako, Isabella"]
[Black "Roessling, Laura Marie"]
[Result "1-0"]
[WhiteElo "1202"]
[BlackElo "1360"]
[PlyCount "95"]
[EventDate "2022.12.26"]
[EventType "team-swiss"]
[EventRounds "7"]
[EventCountry "GER"]
[SourceTitle "CBM 212 Extra"]
[Source "ChessBase"]
[SourceDate "2023.03.31"]
[SourceVersion "1"]
[SourceVersionDate "2023.03.31"]
[SourceQuality "1"]
[WhiteTeam "Heidesheim"]
[BlackTeam "Magdeburg Schachzwerge"]
[WhiteTeamCountry "GER"]
[BlackTeamCountry "GER"]

1. e4 e5 2. Nf3 Nc6 3. Bb5 d6 4. c3 Bd7 5. d4 exd4 6. cxd4 Nf6 7. 0-0 Be7 8. Re1 0-0 9. h3 Qe8 10. Nc3 h6 11. e5 dxe5 12. Nxe5 Qd8 13. Nxd7 Qxd7 14. d5 a6 15. Qe2 Nd4 16. Bxd7 Nxe2+ 17. Rxe2 Nxd7 18. Rxe7 Nc5 19. Rxc7 Nd3 20. d6 Rad8 21. Ne4 f5 22. Nc5 Nxc5 23. Rxc5 Rxd6 24. Bf4 Rd4 25. Be5 Re4 26. Bc3 b6 27. Rc6 Rb8 28. Rc7 h5 29. Rxg7+ Kf8 30. Rh7 Rbe8 31. Rd1 R4e7 32. Bb4 Kg8 33. Rxe7 Rxe7 34. Bxe7 Kf7 35. Bh4 b5 36. Rd6 a5 37. Kh2 b4 38. Kg3 a4 39. Kf4 a3 40. b3 Kg7 41. Kg5 f4 42. Rd7+ Kf8 43. Kf6 Kg8 44. Rf7 f3 45. g4 hxg4 46. Kg6 gxh3 47. Be7 h2 48. Rf8# 1-0

[Event "GER-chT U12 Girls"]
[Site "Berlin"]
[Date "2022.12.27"]
[Round "3"]
[White "Doberchak, Emily Alice"]
[Black "Roessling, Laura Marie"]
[Result "0-1"]
[WhiteElo "883"]
[BlackElo "1360"]
[PlyCount "35"]
[EventDate "2022.12.26"]
[EventType "team-swiss"]
[EventRounds "7"]
[EventCountry "GER"]
[SourceTitle "CBM 212 Extra"]
[Source "ChessBase"]
[SourceDate "2023.03.31"]
[SourceVersion "1"]
[SourceVersionDate "2023.03.31"]
[SourceQuality "1"]
[WhiteTeam "Garching"]
[BlackTeam "Magdeburg Schachzwerge"]
[WhiteTeamCountry "GER"]
[BlackTeamCountry "GER"]

1. e4 c5 2. Nc3 Nf6 3. Nf3 d6 4. Be2 g6 5. d3 Bg7 6. Bd2 0-0 7. 0-0 Nc6 8. a3 Bd7 9. h3 Rc8 10. Nh2 Nd4 11. Nf3 Nb5 12. a4 Nxc3 13. Bxc3 Qb6 14. b3 Bc6 15. Qe1 Qc7 16. b4 cxb4 17. Bxb4 Nd5 18. d4 0-1

[Event "GER-ch U12 Girls"]
[Site "Willingen"]
[Date "2022.06.08"]
[Round "5"]
[White "Mo, Keyou"]
[Black "Roessling, Laura Marie"]
[Result "1-0"]
[WhiteElo "1150"]
[BlackElo "1063"]
[PlyCount "105"]
[EventDate "2022.06.04"]
[EventType "swiss"]
[EventRounds "9"]
[EventCountry "GER"]
[SourceTitle "CBM 208 Extra"]
[Source "ChessBase"]
[SourceDate "2022.07.31"]
[SourceVersion "1"]
[SourceVersionDate "2022.07.31"]
[SourceQuality "1"]

1. e4 e5 2. Nf3 Nc6 3. Bc4 Bc5 4. 0-0 Nf6 5. d4 Bxd4 6. Nxd4 Nxd4 7. c3 Nc6 8. Bg5 h6 9. Bxf6 Qxf6 10. Qd2 d6 11. f4 0-0 12. Qe3 Be6 13. Nd2 Bxc4 14. Nxc4 exf4 15. Rxf4 Qe6 16. b3 Ne5 17. Nxe5 dxe5 18. Rf3 b6 19. Rd1 Rad8 20. Rff1 Rd7 21. Rd2 Rfd8 22. Rfd1 Rxd2 23. Rxd2 Rxd2 24. Qxd2 Qc6 25. Qd3 Qc5+ 26. Kh1 Qf2 27. Qb1 c5 28. c4 b5 29. cxb5 Qe2 30. a4 c4 31. bxc4 Qxc4 32. a5 Qc8 33. b6 axb6 34. axb6 Qb7 35. h3 f6 36. Qa2+ Kh7 37. Qa7 Qxe4 38. b7 Qe1+ 39. Kh2 Qe4 40. b8Q Qf4+ 41. Kh1 Qf1+ 42. Qg1 Qf5 43. Qbb1 Qxb1 44. Qxb1+ e4 45. Qxe4+ f5 46. Qxf5+ g6 47. Qf7+ Kh8 48. Kh2 h5 49. Kg3 h4+ 50. Kg4 g5 51. Kh5 g4 52. Kg6 g3 53. Qg7# 1-0

[Event "GER-ch U12 Girls"]
[Site "Willingen"]
[Date "2022.06.07"]
[Round "4"]
[White "Roessling, Laura Marie"]
[Black "Chandrasekher, Ritu"]
[Result "0-1"]
[WhiteElo "1063"]
[BlackElo "1312"]
[PlyCount "100"]
[EventDate "2022.06.04"]
[EventType "swiss"]
[EventRounds "9"]
[EventCountry "GER"]
[SourceTitle "CBM 208 Extra"]
[Source "ChessBase"]
[SourceDate "2022.07.31"]
[SourceVersion "1"]
[SourceVersionDate "2022.07.31"]
[SourceQuality "1"]

1. e4 e5 2. Nf3 Nc6 3. Bc4 Bc5 4. c3 Nf6 5. d4 exd4 6. e5 d5 7. Bb5 Ne4 8. cxd4 Bb6 9. 0-0 0-0 10. h3 Bd7 11. Nc3 Nxc3 12. bxc3 Nxe5 13. Bxd7 Nxd7 14. Qb3 c6 15. c4 dxc4 16. Qxc4 Nf6 17. Bg5 Qd6 18. Bd2 Rfd8 19. Ne5 Qe6 20. Bc3 Qxc4 21. Nxc4 Bxd4 22. Rac1 Ne4 23. Bb2 Bxb2 24. Nxb2 Rd2 25. Nc4 Rxa2 26. f3 Ng3 27. Rfe1 Ne2+ 28. Rxe2 Rxe2 29. Nd6 Rb2 30. Kf1 a5 31. Nc4 Rb4 32. Na3 a4 33. Ke2 Rb3 34. Ra1 b5 35. Kd2 b4 36. Nc4 a3 37. Kc2 Rc3+ 38. Kd2 Rxc4 39. Kd3 Rc3+ 40. Kd4 a2 41. Ke5 Rb3 42. Kd4 Rb1 43. Rxa2 Rxa2 44. g3 Re1 45. Kc5 Rd1 46. Kxc6 Rc2+ 47. Kb5 b3 48. Ka6 b2 49. Kb5 b1Q+ 50. Ka4 Ra2# 0-1

[Event "GER-chT Lands U20"]
[Site "Neumuenster"]
[Date "2021.10.04"]
[Round "4.5"]
[White "Neininger, Sarah"]
[Black "Roessling, Laura Marie"]
[Result "1-0"]
[WhiteElo "1412"]
[BlackElo "986"]
[PlyCount "147"]
[EventDate "2021.10.01"]
[EventType "team-swiss"]
[EventRounds "7"]
[EventCountry "GER"]
[SourceTitle "CBM 204 Extra"]
[Source "ChessBase"]
[SourceDate "2021.11.30"]
[SourceVersion "1"]
[SourceVersionDate "2021.11.30"]
[SourceQuality "1"]
[WhiteTeam "Hessen"]
[BlackTeam "Sachsen Anhalt"]
[WhiteTeamCountry "GER"]
[BlackTeamCountry "GER"]

1. e4 e5 2. Bc4 Nf6 3. d3 h6 4. Nc3 Bc5 5. f4 d6 6. h3 Bd7 7. Nf3 Nc6 8. Na4 Qe7 9. Nxc5 dxc5 10. 0-0 0-0-0 11. fxe5 Nxe5 12. Nxe5 Qxe5 13. Bxf7 Be6 14. Bxe6+ Qxe6 15. Be3 Qe5 16. Rf5 Qg3 17. Bxc5 b6 18. Be7 Qe3+ 19. Kh1 Rd7 20. Bxf6 gxf6 21. Rxf6 Qd4 22. Rf1 Qxb2 23. Qb1 Qg7 24. Qb4 Rg8 25. Rg1 Rd6 26. Qd2 Rg6 27. Rae1 Qf7 28. c4 Qe6 29. Qf2 Rf6 30. Qe2 Rgf8 31. Qg4 Qxg4 32. hxg4 Rf4 33. Kh2 Rxg4 34. Kh3 Rgf4 35. e5 Kd8 36. Re3 Rf2 37. a3 Ra2 38. d4 Rc2 39. e6 Ke7 40. Rge1 Rxc4 41. d5 Rd4 42. Re5 Rd3+ 43. R1e3 Rxe3+ 44. Rxe3 Rd8 45. Re5 Kd6 46. Rh5 Rh8 47. g4 Rf8 48. Rf5 Rg8 49. Kh4 c6 50. dxc6 Kxc6 51. Rf6 Kd6 52. Rxh6 Re8 53. Kg5 Rg8+ 54. Rg6 Rh8 55. Kf6 Rf8+ 56. Kg7 Re8 57. Kf7 Re7+ 58. Kf6 a5 59. a4 Re8 60. Kf7 Re7+ 61. Kf8 b5 62. axb5 a4 63. b6 a3 64. b7 Rxb7 65. e7+ Kd5 66. e8Q Rb5 67. Qxb5+ Kd4 68. Ra6 Kc3 69. Rxa3+ Kd4 70. Ra4+ Ke3 71. Qb3+ Kd2 72. Ra2+ Kc1 73. Qc3+ Kb1 74. Qb2# 1-0

[Event "GER-chT Lands U20"]
[Site "Neumuenster"]
[Date "2021.10.03"]
[Round "3.7"]
[White "Stasaitis, Paulina"]
[Black "Roessling, Laura Marie"]
[Result "1-0"]
[WhiteElo "1280"]
[BlackElo "986"]
[PlyCount "81"]
[EventDate "2021.10.01"]
[EventType "team-swiss"]
[EventRounds "7"]
[EventCountry "GER"]
[SourceTitle "CBM 204 Extra"]
[Source "ChessBase"]
[SourceDate "2021.11.30"]
[SourceVersion "1"]
[SourceVersionDate "2021.11.30"]
[SourceQuality "1"]
[WhiteTeam "Wuerttemberg"]
[BlackTeam "Sachsen Anhalt"]
[WhiteTeamCountry "GER"]
[BlackTeamCountry "GER"]

1. d4 d5 2. Bf4 Nf6 3. Nf3 e6 4. e3 Be7 5. Bd3 0-0 6. c3 c5 7. Nbd2 c4 8. Bb1 Bd6 9. Bg3 b6 10. Qc2 Bxg3 11. hxg3 g6 12. Qd1 Nc6 13. Ne5 Nxe5 14. dxe5 Nd7 15. f4 Nc5 16. Qg4 f5 17. Qh3 Rf7 18. g4 Nd3+ 19. Bxd3 cxd3 20. gxf5 exf5 21. Nf3 Qe7 22. 0-0-0 Ba6 23. Rh2 Rc8 24. g4 fxg4 25. Qxg4 Qc5 26. Nd4 Qc4 27. Qe6 Qxa2 28. Rdh1 Qa1+ 29. Kd2 Qxb2+ 30. Ke1 Qxc3+ 31. Kf2 Qd2+ 32. Kf3 Qxh2 33. Rxh2 g5 34. Nf5 Rcf8 35. Nh6+ Kg7 36. Nxf7 Rxf7 37. Qh6+ Kg8 38. Qxg5+ Rg7 39. Qd8+ Kf7 40. Qd7+ Kg8 41. Qe8# 1-0

[Event "GER-ch U10 Girls"]
[Site "Willingen"]
[Date "2021.08.26"]
[Round "6"]
[White "Roessling, Laura Marie"]
[Black "Mueller, Ariana"]
[Result "1-0"]
[WhiteElo "1094"]
[BlackElo "1006"]
[PlyCount "93"]
[EventDate "2021.08.22"]
[EventType "swiss"]
[EventRounds "11"]
[EventCountry "GER"]
[SourceTitle "EXT 2022"]
[Source "ChessBase"]
[SourceDate "2021.10.06"]
[SourceVersion "1"]
[SourceVersionDate "2021.10.06"]
[SourceQuality "1"]

1. e4 e5 2. Nf3 Nc6 3. Bc4 Be7 4. c3 d6 5. h3 Nf6 6. d3 Be6 7. Bxe6 fxe6 8. 0-0 0-0 9. Be3 Qd7 10. Nbd2 d5 11. exd5 exd5 12. a3 Nh5 13. Nxe5 Nxe5 14. d4 Nd3 15. Qxh5 Rae8 16. Qd1 Nxb2 17. Qb3 Nd3 18. Qxb7 a5 19. Qa6 a4 20. Qxd3 Rf5 21. Qe2 c6 22. Rab1 Bxa3 23. Ra1 Qd6 24. Qd3 Ref8 25. Nb1 Bb2 26. Rxa4 Qf6 27. Qc2 Bxc3 28. Nxc3 Re8 29. Nd1 Qf8 30. Bc1 Re4 31. Ba3 Qf6 32. Ra8+ Kf7 33. Rf8+ Kg6 34. Rxf6+ Rxf6 35. Qd3 Kg5 36. Qg3+ Kf5 37. Ne3+ Ke6 38. Qd6+ Kf7 39. Qf8+ Kg6 40. Qg8 Rxd4 41. Bb2 Re4 42. Bxf6 Kxf6 43. Ng4+ Kg6 44. Rc1 Rf4 45. Rxc6+ Kg5 46. Qxg7+ Kf5 47. Qe5# 1-0

[Event "GER-ch U10 Girls"]
[Site "Willingen"]
[Date "2021.08.25"]
[Round "5"]
[White "Roessling, Laura Marie"]
[Black "Kuehne, Malin"]
[Result "0-1"]
[WhiteElo "1094"]
[BlackElo "938"]
[PlyCount "138"]
[EventDate "2021.08.22"]
[EventType "swiss"]
[EventRounds "11"]
[EventCountry "GER"]
[SourceTitle "EXT 2022"]
[Source "ChessBase"]
[SourceDate "2021.10.06"]
[SourceVersion "1"]
[SourceVersionDate "2021.10.06"]
[SourceQuality "1"]

1. e4 e5 2. Nf3 Nc6 3. Bc4 Bc5 4. c3 Nf6 5. d4 exd4 6. cxd4 Bb4+ 7. Bd2 Nxe4 8. 0-0 0-0 9. d5 Nxd2 10. Nbxd2 Na5 11. a3 Nxc4 12. Nxc4 Bc5 13. b4 Bb6 14. a4 a6 15. Nxb6 cxb6 16. a5 d6 17. h3 Bf5 18. Re1 h6 19. Nd4 Bg6 20. Kh1 Qc7 21. Rc1 Qd8 22. axb6 Qxb6 23. Qd2 Rfe8 24. Rcd1 Rec8 25. Rc1 Rxc1 26. Rxc1 Be4 27. Nf3 Bxf3 28. gxf3 a5 29. bxa5 Qxa5 30. Qd4 Qa7 31. Qxa7 Rxa7 32. Rc8+ Kh7 33. Rc7 Ra1+ 34. Kg2 b5 35. Rxf7 Ra6 36. Rb7 Ra5 37. Kf1 Kg6 38. Ke2 Kf6 39. Kd3 g5 40. Kc3 Ke5 41. Kb4 Ra2 42. Kb3 Rxf2 43. Rxb5 Rxf3+ 44. Kc4 Rxh3 45. Rb8 Rh4+ 46. Kb5 Kxd5 47. Ka5 Ke5 48. Re8+ Kd5 49. Rb8 Rh5 50. Rb5+ Ke6 51. Rb1 g4+ 52. Ka4 Rg5 53. Re1+ Re5 54. Rb1 h5 55. Ka3 Rg5 56. Ka2 g3 57. Ka1 h4 58. Ka2 g2 59. Re1+ Kd7 60. Rg1 h3 61. Kb3 h2 62. Rd1 g1Q 63. Rxg1 hxg1R 64. Kc4 R1g4+ 65. Kd3 Ra5 66. Kc3 Ra3+ 67. Kb2 Rh3 68. Kc2 Rg2+ 69. Kd1 Rh1# 0-1

[Event "GER-ch U10 Girls"]
[Site "Willingen"]
[Date "2021.08.24"]
[Round "4"]
[White "Tu, Audrey"]
[Black "Roessling, Laura Marie"]
[Result "0-1"]
[WhiteElo "913"]
[BlackElo "1094"]
[PlyCount "210"]
[EventDate "2021.08.22"]
[EventType "swiss"]
[EventRounds "11"]
[EventCountry "GER"]
[SourceTitle "EXT 2022"]
[Source "ChessBase"]
[SourceDate "2021.10.06"]
[SourceVersion "1"]
[SourceVersionDate "2021.10.06"]
[SourceQuality "1"]

1. e4 e5 2. Nf3 Nc6 3. Bc4 Nf6 4. d3 Bc5 5. 0-0 0-0 6. c3 d5 7. exd5 Nxd5 8. Re1 Nb6 9. Bb3 Nd7 10. Nbd2 h6 11. Nf1 Re8 12. Ng3 Nf6 13. Bc2 Ng4 14. Re2 Bxf2+ 15. Rxf2 Nxf2 16. Kxf2 Bg4 17. Bb3 Na5 18. Bc2 Re6 19. b4 Bxf3 20. gxf3 Qh4 21. Kg2 Nc6 22. Qe1 Rae8 23. Qf2 b6 24. b5 Ne7 25. d4 Ng6 26. Nf5 Qxf2+ 27. Kxf2 exd4 28. Nxd4 R6e7 29. Bxg6 fxg6 30. a4 c5 31. Nc6 Re2+ 32. Kg1 Re1+ 33. Kf2 R8e2+ 34. Kg3 Rg1+ 35. Kf4 g5+ 36. Kf5 Rf2 37. Ne7+ Kf7 38. Nd5 Rxf3+ 39. Ke4 Rh3 40. Bb2 Rg4+ 41. Ke5 Rxh2 42. Rf1+ Kg6 43. Ne7+ Kh5 44. Ba3 Re2+ 45. Kd6 Rxa4 46. Rh1+ Rh4 47. Rg1 Ree4 48. Nc6 Reg4 49. Rc1 Rf4 50. Rc2 Rf6+ 51. Ke5 Rhf4 52. Ne7 Rf3 53. Ke4 R6f4+ 54. Kd5 Rd3+ 55. Ke5 Re3+ 56. Kd6 Rf6+ 57. Kd7 Rfe6 58. Rh2+ Kg4 59. Nd5 R3e4 60. Nc7 Re7+ 61. Kd8 h5 62. Rg2+ Kf5 63. Rf2+ Kg6 64. Nd5 Re8+ 65. Kd7 h4 66. Rh2 Kh5 67. Bb2 g4 68. c4 g3 69. Rg2 Kg4 70. Bxg7 Re2 71. Rg1 h3 72. Nf6+ Kf3 73. Nxe8 h2 74. Rh1 g2 75. Rxh2 g1Q 76. Rxe2 Kxe2 77. Ke6 Qe3+ 78. Be5 Qb3 79. Nd6 a5 80. bxa6 Qa4 81. a7 Qxa7 82. Nb5 Qh7 83. Nd6 Qg8+ 84. Nf7 Qe8+ 85. Kf6 Kd3 86. Nd6 Qd8+ 87. Ke6 Qg8+ 88. Kd7 Qg4+ 89. Kc6 Qe6 90. Bf4 Qf6 91. Bg3 Qf3+ 92. Kxb6 Qxg3 93. Kxc5 Qe5+ 94. Kc6 Kd4 95. Kc7 Kc5 96. Kd7 Qxd6+ 97. Ke8 Kxc4 98. Kf7 Qe5 99. Kf8 Qe6 100. Kg7 Kd5 101. Kh7 Qf6 102. Kg8 Ke6 103. Kh7 Qg5 104. Kh8 Kf7 105. Kh7 Qh5# 0-1

[Event "GER-ch U10 Girls"]
[Site "Willingen"]
[Date "2021.08.23"]
[Round "2"]
[White "Leicher, Anna"]
[Black "Roessling, Laura Marie"]
[Result "1-0"]
[WhiteElo "1249"]
[BlackElo "1094"]
[PlyCount "81"]
[EventDate "2021.08.22"]
[EventType "swiss"]
[EventRounds "11"]
[EventCountry "GER"]
[SourceTitle "EXT 2022"]
[Source "ChessBase"]
[SourceDate "2021.10.06"]
[SourceVersion "1"]
[SourceVersionDate "2021.10.06"]
[SourceQuality "1"]

1. e4 e5 2. Nf3 Nc6 3. Bc4 Bc5 4. 0-0 Nf6 5. d3 h6 6. Nc3 0-0 7. Be3 b6 8. Nd5 d6 9. h3 Be6 10. Bb3 Nd4 11. Nc3 Nxb3 12. axb3 d5 13. Bxc5 bxc5 14. Nxe5 Re8 15. Nc6 Qd7 16. Nxa7 Bxh3 17. gxh3 Qxh3 18. Qd2 Re5 19. f4 Rh5 20. Qg2 g5 21. Qxh3 Rxh3 22. fxg5 Ng4 23. Kg2 Rh2+ 24. Kg3 h5 25. Nc6 Rxa1 26. Rxa1 Kg7 27. Nxd5 Rxc2 28. Rh1 Kg6 29. Nf4+ Kg7 30. Nxh5+ Kg6 31. Kxg4 Rg2+ 32. Ng3 f6 33. Rh6+ Kg7 34. Rxf6 Kh7 35. Kf3 Rh2 36. e5 Rxb2 37. g6+ Kg7 38. Nh5+ Kh6 39. g7+ Kg5 40. g8Q+ Kxh5 41. Qg4# 1-0

[Event "GER-chT Christmas U20 Girls"]
[Site "Playchess.com INT"]
[Date "2020.12.29"]
[Round "6.3"]
[White "Muhina, Liana"]
[Black "Roessling, Laura Marie"]
[Result "0-1"]
[WhiteElo "1273"]
[BlackElo "991"]
[PlyCount "84"]
[EventDate "2020.12.29"]
[EventType "team-swiss (blitz)"]
[EventRounds "7"]
[EventCountry "GER"]
[SourceTitle "CBM 200 Extra"]
[Source "ChessBase"]
[SourceDate "2021.03.31"]
[SourceVersion "1"]
[SourceVersionDate "2021.03.31"]
[SourceQuality "1"]
[WhiteTeam "Garching"]
[BlackTeam "Magdeburg Schachzwerge"]
[WhiteTeamCountry "GER"]
[BlackTeamCountry "GER"]

1. e4 e5 2. Nf3 Nc6 3. d4 exd4 4. Nxd4 Bc5 5. Nxc6 Qf6 6. Qf3 bxc6 7. Qxf6 Nxf6 8. Bd3 0-0 9. Nc3 d5 10. exd5 Re8+ 11. Ne2 cxd5 12. Bg5 Bg4 13. f3 Bh5 14. 0-0-0 Rab8 15. Rhe1 Bf2 16. Rf1 Be3+ 17. Kb1 Bxg5 18. Nd4 Rb4 19. Nc6 Rb6 20. Nd4 c5 21. Nf5 Reb8 22. b3 g6 23. f4 Bxd1 24. fxg5 gxf5 25. gxf6 Rxf6 26. Rxd1 c4 27. Be2 Re6 28. Bf3 Rbe8 29. Kb2 Re5 30. Bxd5 Rxd5 31. Rxd5 cxb3 32. axb3 f4 33. Rf5 Re2 34. Rxf4 Rxg2 35. Rh4 f6 36. h3 f5 37. Kc3 Rg7 38. Kb2 Rf7 39. c4 f4 40. Kc2 f3 41. Kd2 f2 42. Rg4+ Kh8 0-1

[Event "GER-ch U10 Girls"]
[Site "Willingen"]
[Date "2020.10.28"]
[Round "3"]
[White "Roessling, Laura Marie"]
[Black "Heidtkamp, Anna"]
[Result "0-1"]
[WhiteElo "937"]
[BlackElo "1078"]
[PlyCount "100"]
[EventDate "2020.10.26"]
[EventType "swiss"]
[EventRounds "7"]
[EventCountry "GER"]
[SourceTitle "CBM 199 Extra"]
[Source "ChessBase"]
[SourceDate "2021.01.31"]
[SourceVersion "1"]
[SourceVersionDate "2021.01.31"]
[SourceQuality "1"]

1. e4 e5 2. Nf3 Nc6 3. Bc4 Bc5 4. c3 Nf6 5. d4 exd4 6. cxd4 Bb4+ 7. Nc3 d5 8. exd5 Nxd5 9. 0-0 Nxc3 10. Qe1+ Qe7 11. Qxe7+ Bxe7 12. bxc3 Bg4 13. d5 Bxf3 14. gxf3 Ne5 15. Bb5+ c6 16. dxc6 bxc6 17. Be2 0-0 18. Rd1 Ng6 19. Rb1 Rab8 20. Be3 Bf6 21. Bxa7 Rxb1 22. Rxb1 Bxc3 23. Bc5 Re8 24. Kf1 Nf4 25. Bc4 Nd5 26. Bxd5 cxd5 27. Bb4 Be5 28. Re1 Re6 29. Rc1 h6 30. a4 d4 31. Rc8+ Kh7 32. Ra8 Bd6 33. Bxd6 Rxd6 34. a5 d3 35. Ke1 Re6+ 36. Kd2 Re2+ 37. Kxd3 Rxf2 38. Ke3 Rxh2 39. a6 Ra2 40. a7 h5 41. Kd4 h4 42. Kc5 h3 43. Kb6 h2 44. Kb7 h1Q 45. Rc8 Qxf3+ 46. Kb8 Rb2+ 47. Kc7 Qb7+ 48. Kd8 Qxa7 49. Ke8 Re2+ 50. Kf8 Qe7# 0-1